000 00612nam a2200193Ia 4500
003 IN-BaIIA
008 211028s9999 xx 000 0 eng d
040 _cIIA Library
080 _a535.8
_bAPP-3
245 0 _aApplied optics and optical engineering
_bvol. 3, optical components
_cedited by Rudolf Kingslake
260 _aNew York
_bAcademic Press
_c1965
300 _axiv, 374p.
650 _aAstronomy and astrophysics thesaurus
650 _aOptical engineering
650 _aOptical instruments
650 _aOptics
700 _aKingslake, Rudolf, ed.
_95044
942 _cBK
999 _c2824
_d2824